000 00788cab a2200265 4500
001 ABS56260
008 090401t1996 xxu||||| |||| 00| 0 eng d
035 _a(Sirsi) u22345
041 _aeng
100 _aMackenzie, A.
245 _aHandle with care
260 _c1996
350 _a0
490 _aPlanning Week
_v4(46) 14 November 1996, 11(1)
520 _aIllustrates how DoE Circular 8/93 allows a party to be at risk of an award of costs if unreasonable behaviour is held to have occured within the hearing procedure.
650 _aCIRCULAR 8/93
650 _aCOSTS
650 _aLEGAL COSTS
650 _aPLANNING APPEALS
650 _aPUBMASTER
650 _aUNREASONABLE BEHAVIOUR
690 _aPLANNING LAW AND PRACTICE
942 _n0
948 _c04/03/1997
999 _c14970
_d14970